000 01058cam a22003377a 4500
001 2263
005 20231114092601.0
020 _a9780545130479
020 _a0545130476
040 _aBTCTA
_beng
_cBTCTA
_dWIQ
_dBKX
_dIEP
_dC#L
_dDLC
050 0 0 _aPZ7.K678323
_bGo 2010
082 0 0 _a511
_223
100 1 _aKlein, Abby
245 1 0 _aGoing batty /
_cby Abby Klein ; illustrated by John McKinley
250 _aFirst printing, July 2010
260 _aNew York :
_bScholastic,
_c2010
300 _a95 pages :
_billustrations
_c19 cm
490 1 _aReady Freddy! ;
_v21
490 1 _aLittle apple
505 _aP
520 _aIt's almost Halloween and Freddy thinks that there are monsters in his attic.
521 _a620
_bLexile
521 _aP
_bRaz-Plus
650 0 _aFear
_vJuvenile fiction.
650 0 _aMonsters
_vJuvenile fiction.
650 0 _aBats
_vJuvenile fiction.
650 0 _aHalloween
_vJuvenile fiction.
700 1 _aMcKinley, John
_d1956-
_eillustrator
906 _a7
_bcbc
_ccopycat
_d2
_encip
_f20
_gy-gencatlg
942 _2ddc
_cBK
_n0
999 _c2263
_d2263